| 000 | 00463nam a2200157 a 4500 | ||
|---|---|---|---|
| 001 | 000031719 | ||
| 005 | 20200930063129.0 | ||
| 008 | 110630s1980 dr 000 0 spa d | ||
| 040 |
_aDO-SdBNP _bspa _cBNPHU |
||
| 082 |
_axxx _bL453k |
||
| 100 | 1 |
_aLebrón Saviñón, Carlos _924855 |
|
| 245 | 1 | 0 |
_aKhayyámicos y otros destellos / _cCarlos Lebrón Saviñón. |
| 260 |
_a[Santo Domingo] : _bImprenta Opúsculo, _c1980. |
||
| 300 |
_a16 p. ; _c21 cm. |
||
| 049 | _aBNPD | ||
| 999 |
_c31211 _d31211 |
||